| 000 | 01467cam a22002413a 4500 | ||
|---|---|---|---|
| 001 | 709 | ||
| 005 | 20231206122411.0 | ||
| 020 | _a076783002500 | ||
| 040 |
_aMBE _cMBE _dUKM _dOCLCQ _dDLC _beng |
||
| 050 | 0 | 0 | _aPS3523.O46 |
| 082 | 0 | 4 |
_a823.91 _218 |
| 100 | 1 |
_aLondon, Jack, _d1876-1916. |
|
| 245 | 1 | 4 |
_aThe sea wolf / _cby Jack London ; with an introduction by Lewis Gannett. |
| 250 | _aBantam classic ed. | ||
| 260 |
_aNew York : _bBantam Books, _c1960. |
||
| 300 |
_a252 pages. ; _c18 cm. |
||
| 505 | _aU | ||
| 520 | _aA thrilling epic of a sea voyage and a complex novel of ideas, The Sea-Wolf is a standard-bearer of its genre. It is the vivid story of a gentleman scholar, Humphrey Van Weyden, who is rescued by a seal-hunting schooner after a ferryboat accident in San Francisco Bay. London uses Van Weyden's ordeal at the hands of a schooner's devious crew to explore powerful themes of ambition, courage, and the innate will to survive. The Sea-Wolf also introduces Jack London's most memorable, fully realized character, Wolf Larsen, the schooner's brutal captain, who ruthlessly crushes anyone standing in his way. As Gary Kinder states in his Introduction, " Wolf Larsen is one of the most carefully carved characters in American literature....London, himself, seems as fascinated as the reader with his own creation." | ||
| 521 |
_a1020
_bLexile |
||
| 521 |
_aU
_bRaz-Plus |
||
| 906 |
_a7 _bcbc _ccopycat _d2 _encip _f19 _gy-genrareb |
||
| 942 |
_2ddc _cBK _n0 |
||
| 999 |
_c709 _d709 |
||